| 000 | 00362pab a2200157 454500 | ||
|---|---|---|---|
| 008 | 180718b2001 xxu||||| |||| 00| 0 eng d | ||
| 100 | _aLahiri, Nayanjot | ||
| 245 | _aWalk on the wild side | ||
| 260 | _c2001 | ||
| 300 | _ap.10 | ||
| 362 | _a6 Apr | ||
| 650 | _aWild animals - India | ||
| 650 | _aWild animals | ||
| 773 | _aHindustan Times | ||
| 909 | _a49549 | ||
| 999 |
_c49549 _d49549 |
||